000
00291nam a22001217a 4500
008
190129b xxu||||| |||| 00| 0 eng d
041
_a
eng
080
_a
521
100
_a
42
101
_a
AST
245
_a
National Geographic Picture Atlas of our Universe
_c
Gallant, R.A
942
_2
udc
_c
BK
999
_c
53893
_d
53893